Análisis de vinos y mostos

Na minha lista:
Detalhes bibliográficos
Main Authors: Amerine, M. A (Author), Ough, C. S (Author)
Formato: Livro
Idioma:espanhol
Publicado em: Zaragoza Acribia 1976
Assuntos:
Tags: Adicionar Tag
Sem tags, seja o primeiro a adicionar uma tag!

MARC

LEADER 00000nam a2200000 a 4500
001 UCR4869
003 CL-VaPUC
008 980320e19760000SP |||||||||||||||||spa|d
082 0 4 |a 663.207  |b AME  |2 21 
100 0 |a Amerine, M. A  |e author  |9 405397 
700 0 |a Ough, C. S  |e author  |9 405398 
245 1 0 |a Análisis de vinos y mostos 
300 |a 158 p 
942 |c BK 
945 |d 19980320 00:00:00  |a crobeson 
260 |a Zaragoza  |b Acribia  |c 1976 
650 7 |a TECNOLOGIA DE ALIMENTOS  |2 CL-VaPUC  |9 405399 
650 7 |a BEBIDAS ALCOHOLICAS  |2 CL-VaPUC  |9 257200 
650 0 |a Vino  |9 347466 
650 0 |a Control de calidad   |9 259714 
583 |a last modification  |c 19980320 00:00:00  |k Rodrigo Vera 
999 |c 267665  |d 267663 
952 |0 0  |1 0  |4 0  |6 663_207000000000000_AME_1976  |7 0  |8 A  |9 300138  |a BIBALI  |b BIBALI  |c RES  |d 2019-11-20  |i 1967053  |o 663.207 AME 1976  |p 1967053  |r 2025-01-20  |w 2019-11-20  |y BK_R  |k ALI